LEADER 02002nam a2200313 i 4500 001 000000258727 003 CaOOAMICUS 005 20221014094911.0 008 180530s1753 ru u000 u lat u 013 $a237635 026 $am.li e-la ),in itco (3) 1753 (A) 040 $aSeMil$bita 100 1 $aEuler, Leonhard,$d<1707-1783>.$0(OLS)http://semarc/name/89366 245 10$aTheoria motus lunae exhibens omnes eius inaequalitates in additamento hoc idem argumentum aliter tractatur simulque ostenditur quemadmodum motus lunae cum omnibus inaequalitatibus innumeris aliis modis repraesentari ... auctore L. Eulero. 260 $a[San Pietroburgo] :$bImpensis Academiae Imperialis Scientiarum Petropolitanae,$c1753$e(Berolini :$fEx Officina Michaelis,$g1753) 300 $aVIII, 347, [1] p., [1] carta di tav. ripieg. :$bill. calcogr. ;$c4º. 500 $aFregio xilogr. sul front. 500 $aCors. ; got. ; gr. ; rom. 500 $aSegn.: *4 A-2V4 2X2 (2X2v bianco) 500 $aIniziali, testatine e fregi xilogr. 650 4$aSuono - Propagazione.$0(OLS)http://semarc/subject/25188 710 2 $aAkademija nauk$b.$0(OLS)http://semarc/name/89743 710 0 $aMichaelis, Johann Gottfried .$0(OLS)http://semarc/name/94980 773 0 $aEuler, Leonhard <1707-1783>$tL. Euleri Opuscula varii argumenti.$dBerolini : Sumtibus Ambr. Haude & Jo. Carol. Speneri, bibliop., 1746-1751.$g2$w()13778 850 $aSeMil 852 $aSeMil$W1$xVenegono$y1$m3W V 58 FA$j209073$B209073$CSeMilBibl$Z2$F222773 $8I 996 $6245$aTheoria motus lunae exhibens omnes eius inaequalitates in additamento hoc idem argumentum aliter tractatur simulque ostenditur quemadmodum motus lunae cum omnibus inaequalitatibus innumeris aliis modis repraesentari ... auctore L. Eulero$9(OLS)http://semarc/title/413641 996 $6260$a[San Pietroburgo] :$bImpensis Academiae Imperialis Scientiarum Petropolitanae$9(OLS)http://semarc/publisher/57766 LEADER 00958nam a2200241 i 4500 001 000000039689 003 CaOOAMICUS 005 20090710000000.0 008 090710s1946 it u000 u ita u 013 $a10845 040 $aSeMil$bita 245 10$aVaticano /$ca cura di Giovanni Fallani e Mario Escobar. 260 $aFirenze :$bSansoni,$cstampa 1946. 300 $aXIII, 791 p., [21] p. di tav. ;$c22 cm. 500 $aDono di Mons. Antonio Rimoldi. 650 4$aCittà del Vaticano.$0(OLS)http://semarc/subject/34711 700 1 $aEscobar, Mario.$0(OLS)http://semarc/name/19296 700 1 $aFallani, Giovanni,$c.$0(OLS)http://semarc/name/1283 850 $aSeMil 852 $aSeMil$W1$xVenegono$y1$m3C II 154$j5844$B5844$CSeMilBibl$Z2$F5844 $81 961 $aOmaggio: Rimoldi mons. Antonio 996 $6245$aVaticano$9(OLS)http://semarc/title/56662 996 $6260$aFirenze :$bSansoni$9(OLS)http://semarc/publisher/29843